[Event "Budapest FS12 IM-A"]
[Site "Budapest"]
[Date "2002.12.08"]
[Round "2"]
[White "Graham, Nathaniel"]
[Black "Lengyel, Bela"]
[Result "0-1"]
[WhiteElo "2346"]
[BlackElo "2338"]
[PlyCount "80"]
[EventDate "2002.12.07"]
[EventType "tourn"]
[EventRounds "10"]
[EventCountry "HUN"]
[EventCategory "4"]
[SourceTitle "CBM 091 Extra"]
[Source "ChessBase"]
[SourceDate "2003.01.09"]
[SourceVersion "1"]
[SourceVersionDate "2003.01.09"]
[SourceQuality "1"]

1. d4 Nf6 2. c4 e6 3. Nf3 d5 4. g3 Be7 5. Bg2 0-0 6. 0-0 dxc4 7. Qc2 a6 8. a4 Bd7 9. Qxc4 Bc6 10. Bg5 Bd5 11. Qd3 Be4 12. Qe3 Nbd7 13. Nc3 Bc6 14. Qd3 Nd5 15. Nxd5 exd5 16. h4 f6 17. Bf4 Nb6 18. b3 Bd6 19. Qd2 Qd7 20. Ne1 Bxf4 21. Qxf4 Rae8 22. e3 Qf7 23. Nd3 a5 24. Rfc1 Re7 25. Rc3 h6 26. Qf3 g5 27. hxg5 hxg5 28. Rac1 Qh7 29. Nc5 Nc8 30. Bf1 Nd6 31. Bd3 f5 32. Bb1 Ne4 33. R3c2 Rf6 34. Nd3 Rh6 35. Ne5 g4 36. Qg2 Rxe5 37. dxe5 Ng5 38. Rxc6 bxc6 39. Rxc6 Nf3+ 40. Kf1 Rxc6 0-1